Akciový trh v rozvíjajúcich sa krajinách bakalárska práca

Na minha lista:
Detalhes bibliográficos
Autor principal: Nagyová, Evelyn
Autor Corporativo: Národohospodárska fakulta EU. Katedra bankovníctva a medzinárodných financií
Outros Autores: Slobodník, Patrik, 1992-
Formato: Livro
Idioma:eslovaco
Publicado em: Bratislava 2019
Tags: Adicionar Tag
Sem tags, seja o primeiro a adicionar uma tag!

MARC

LEADER 00000nbm a2200000 4500
001 0256477
005 20190729095442.0
041 0 |a slo 
044 |a SK 
245 1 0 |a Akciový trh v rozvíjajúcich sa krajinách  |b bakalárska práca  |c Evelyn Nagyová ; školiteľ: Patrik Slobodník 
264 1 |a Bratislava  |c 2019 
300 |a 59 s. 
100 1 |a Nagyová, Evelyn 
700 1 |a Slobodník, Patrik, 1992- 
710 2 |a Národohospodárska fakulta EU. Katedra bankovníctva a medzinárodných financií